| 000 -Cabecera (24) |
| Campo de control interno |
00867nam a22002774a 4500 |
| 001 - Número de control |
| Campo de control |
ESSALUD |
| 007 - Tipo material - Descripcion fisica - info general |
| Tipo material |
ta |
| 008 - Códigos de longitud fija (40p) |
| Campo de control de longitud fija |
t1982 pe gr 00| 0 spa d |
| 040 ## - Origen de la Catalogacion |
| Origen de la Catalogacion |
ESSALUD |
| 041 ## - Código de idioma (R) |
| Código de lengua del texto/banda sonora o título independiente (R) |
spa |
| 043 ## - Pais ISO |
| País ISO |
pe |
| 082 ## - Número de la Clasificación |
| Clasificación Dewey |
368.4201 |
| Codigo Cutter |
IN59/1982 |
| 110 ## - Autor Corporativo |
| Nombre de entidad corporativa o nombre de jurisdicción como elemento inicial (NR |
Instituto Peruano de Seguridad Social. Oficina de Actuariado y Estadística |
| Rol del autor |
autor |
| 9 (RLIN) |
42751 |
| 245 ## - Titulo |
| Titulo |
Boletín estadístico de prestaciones de salud: año 1982 |
| 250 ## - Mencion de edicion |
| Mencion de edicion |
1 ed. |
| 260 ## - Editorial |
| Ciudad |
Lima : |
| Nombre de la Editorial |
IPSS, |
| Fecha |
1982 |
| 300 ## - Descripcion |
| Páginas |
55 páginas |
| 650 ## - Temas - Descriptores |
| Temas - Descriptores |
ESTADÍSTICAS DE ATENCIÓN MÉDICA |
| 9 (RLIN) |
11557 |
| 650 ## - Temas - Descriptores |
| Temas - Descriptores |
ESTADÍSTICAS HOSPITALARIAS |
| 9 (RLIN) |
43336 |
| 650 ## - Temas - Descriptores |
| Temas - Descriptores |
ATENCIÓN AMBULATORIA |
| 650 ## - Temas - Descriptores |
| Temas - Descriptores |
ACCIDENTES DE TRABAJO |
| 9 (RLIN) |
2907 |
| 650 ## - Temas - Descriptores |
| Temas - Descriptores |
ENFERMEDADES PROFESIONALES |
| 9 (RLIN) |
14771 |
| 650 ## - Temas - Descriptores |
| Temas - Descriptores |
SEGURIDAD SOCIAL |
| 9 (RLIN) |
2070 |
| 653 ## - Palabras Claves |
| Palabras Claves |
PRESTACIONES ECONÓMICAS |
| 942 ## - Datos personalizados Koha |
| Tipo de Documento |
Libros |
| Fecha procesamiento |
2026-06-24 |
| Documentalista |
AFC |